书目信息 |
| 题名: |
国际会计
|
|
| 作者: | 何红渠 主编 | |
| 分册: | ||
| 出版信息: | 长沙 中南工业大学出版社 1997.06 |
|
| 页数: | 573页 | |
| 开本: | 32开 | |
| 丛书名: | ||
| 单 册: | ||
| 中图分类: | F234.5 | |
| 科图分类: | ||
| 主题词: | 会计 | |
| 电子资源: | ||
| ISBN: | 7-81020-999-X | |
| 000 | 00529nam0 2200193 45 | |
| 001 | 0007192366 | |
| 005 | 20000719234356.8 | |
| 010 | @a7-81020-999-X@d22.00元 | |
| 100 | @a20000719d1997 km y0chiy0120 ea | |
| 101 | 0 | @achi |
| 105 | @a z 000yy | |
| 200 | 1 | @a国际会计@AGuo Ji Kuai Ji@f何红渠主编@FHe Hong Qu Zhu Bian |
| 210 | @a长沙@c中南工业大学出版社@d1997.06 | |
| 215 | @a573页@d32开 | |
| 606 | 0 | @a会计 |
| 690 | @aF234.5@v3 | |
| 701 | 0 | @a何红渠@4主编 |
| 801 | @aCN@bPftUser@c20000719 | |
| 905 | @b75617-619@dF234.5@eH680@f3 | |
| 国际会计/何红渠主编.-长沙:中南工业大学出版社,1997.06 |
| 573页;32开 |
| ISBN 7-81020-999-X:22.00元 |
| ● |
| 相关链接 |
|
|
|
正题名:国际会计
索取号:F234.5/H680
 
预约/预借
| 序号 | 登录号 | 条形码 | 馆藏地/架位号 | 状态 | 备注 |
| 1 | 75617 | 200756173 | 社科库409/409社科库 78排2列2层/ [索取号:F234.5/H680] | 在馆 | |
| 2 | 75618 | 200756182 | 社科库409/409社科库 78排2列2层/ [索取号:F234.5/H680] | 在馆 | |
| 3 | 75619 | 200756191 | 社科库409/409社科库 78排2列2层/ [索取号:F234.5/H680] | 在馆 |